00283nam a2200109Ia 4500008004100000041000800041082000800049100001500057245005700072250000600129260003800135221102s9999 xx 000 0 und d aeng bbai abai durga aSultana's Dream begum rokheya Sakhawat hossain a1 bTara Books PVT. Ltdc1905-07-06